00189nam a2200073Ia 4500008004100000082001500041100002600056245003300082240331s9999 xx 000 0 und d a291.5bPIT aPitigala Vijitha Himi 0aPrachna paramitha warrnanawa